000 00335nam a2200121Ia 4500
005 20251222142018.0
008 251222s9999||||xx |||||||||||||| ||spa||
020 _a968-6964-83-5
082 _a657.092/I59
245 0 _aEl Contador Público como Asesor de Negocios
264 _bInstituto Mexicano de Contadores Públicos
942 _cLIB
999 _c10563
_d10563